Legenda Lennon : barevný život Johna Lennona /
Uložené v:
| Hlavný autor: | |
|---|---|
| Ďalší autori: | |
| Médium: | Kniha |
| Jazyk: | Czech English |
| Vydané: |
Brno :
Computer Press,
2010.
|
| Vydanie: | 1. vyd. |
| Témy: | |
| ISBN: |
9788025119655 (viaz.) |
| Fyzický popis: |
63 s. : faksim., fotogr., il., portréty ; 27 cm + CDK 1423, 36 príl. |
| Tagy: |
Pridať tag
Žiadne tagy, Buďte prvý kto otaguje tento záznam!
|
Titul je dostupný aj v ... 

MARC
| LEADER | 00000nam a2200000 a 4500 | ||
|---|---|---|---|
| 001 | 000391237 | ||
| 005 | 20260413125103.0 | ||
| 008 | 081006s2010 xr aco e 000 0bcze d | ||
| FMT | |||
| 020 | |a 9788025119655 (viaz.) | ||
| 040 | |a SVKKK |b slo |c SVKKK |e AACR2 | ||
| 041 | 1 | |a cze |h eng | |
| 043 | |a e-uk-en | ||
| 044 | |a xr |c CZ | ||
| 072 | 7 | |a 78.07 |x Hudobníci, skladatelia a iné hudobné povolania |2 konspekt | |
| 072 | 7 | |a 929 |x Biografie |2 konspekt | |
| 080 | |a 929 |2 2001 | ||
| 080 | |a 78.071.1/.2 |2 2001 | ||
| 080 | |a 785.16.071 |2 2001 | ||
| 080 | |a (410.1) |2 2001 | ||
| 080 | |a (092) |2 2001 | ||
| 080 | |a (084.11) |2 2001 | ||
| 100 | 1 | |a Henke, James | |
| 245 | 1 | 0 | |a Legenda Lennon : |b barevný život Johna Lennona / |c James Henke ; [překlad: Jiří Fadrný]. |
| 250 | |a 1. vyd. | ||
| 260 | |a Brno : |b Computer Press, |c 2010. | ||
| 300 | |a 63 s. : |b faksim., fotogr., il., portréty ; |c 27 cm + |e CDK 1423, 36 príl. | ||
| 500 | |a Preklad z angl. orig. | ||
| 500 | |a Údaj o prekl. prevzatý z rubu titutl. strany | ||
| 500 | |a Kniha obsahuje vyberateľné reprodukcie rukopis. textov, kresieb a fotogr. vo vlep. obálkach alebo vreckách | ||
| 500 | |a Kniha uložená v kartónovom púzdre | ||
| 500 | |a Biograf. údaje o aut. | ||
| 504 | |a Bibliografia: s. 63 | ||
| 600 | 1 | 7 | |a Lennon, John, |d 1940-1980 |2 SVKKKMA |
| 610 | 2 | 7 | |a Beatles |2 SVKKKKA |
| 648 | 7 | |a 1940-1980 |2 SVKKKPH | |
| 650 | 0 | 7 | |a hudobníci |2 SVKKKPH |
| 650 | 0 | 7 | |a hudobné skupiny |2 SVKKKPH |
| 651 | 7 | |a Veľká Británia |2 SVKKKPH | |
| 655 | 7 | |a biografie |2 SVKKKPH | |
| 655 | 7 | |a obrazové publikácie |2 SVKKKPH | |
| 700 | 1 | |a Fadrný, Jiří |4 trl | |
| 765 | 0 | |t Lennon legend. Česky |a Henke, James | |
| 910 | |a svkkk | ||
| 919 | |a 978-80-251-1965-5 | ||
| 998 | |a BK | ||
| OWN | |||
| Z30 | 1 | |l SCK01 |l SCK01 |m BOOK |1 SCKHL |2 SK2 |b Sklad Hlavná 10 prízemie |3 V.228437 |6 1039216 |q 20120719 |5 2720271384 |8 20120719 |g EMPTYKNIHA |f 70 |s Absenčne |g 000078757 |h SCKHL |z 22.41 |t 00000000 |u 0000 |w 000391237 |x 000010 |r PC |r 000 | |
| a02 | 0 | |a 9788025119655 (viaz.) | |
| 090 | |g SCKHL |k Sklad Hlavná 10 prízemie |a V.228437 |j 1039216 |i 2720271384 |s Absenčne |r 000 | ||